00330nam a2200121Ia 4500008004100000082001900041100001500060245004900075250000800124260004900132300001000181650001700191150201s2006 xx 000 0 und d a616.01bT2006A aARORA,D.R. aTEXTBOOK OF MICROBIOLOGY FOR DENTAL STUDENTS a2ND bC.B.S PUBLISHERS & DISTRIBUTERSaDELHIc2006 a1-442 aMICROBIOLOGY